| 000 | 00501nam a2200169 a 4500 | ||
|---|---|---|---|
| 001 | 000039501 | ||
| 005 | 20201002031701.0 | ||
| 008 | 130704s19uu dr 000 0 spa d | ||
| 020 | _a8432205664 | ||
| 040 |
_aDO-SdBNP _bspa _cBNPHU |
||
| 082 | _axxx | ||
| 100 | 1 |
_aSüskind, Patrick _965684 |
|
| 245 | 1 | 3 |
_aLa paloma / _cPatrick Süskind ; traducción Pilar Giralt Gorina. |
| 260 |
_a[Barcelona] : _bSeix barral, _c[19-?]. |
||
| 300 |
_a126 p. ; _c21 cm. |
||
| 700 | 1 |
_aGiralt Gorina, Pilar, _etr. _965685 |
|
| 999 |
_c38991 _d38991 |
||